[Event "Blitz 2018"]
[Site "Saint-Petersburg"]
[Date "2018.12.30"]
[Round "15"]
[Board "35"]
[White "Frolyanov Dmitry (RUS)"]
[Black "Esipenko Andrey (RUS)"]
[Result "0-1"]
[LiveChessVersion "1.4.8"]
[BlackElo "2673"]
[WhiteElo "2557"]

1. e4 {[%clk 0:03:03]} e5 {[%clk 0:03:03]} 2. Nf3 {[%clk 0:03:04]} Nc6
{[%clk 0:03:04]} 3. Bb5 {[%clk 0:03:05]} a6 {[%clk 0:03:05]} 4. Ba4
{[%clk 0:03:06]} Nf6 {[%clk 0:03:06]} 5. O-O {[%clk 0:03:07]} Be7
{[%clk 0:03:07]} 6. Re1 {[%clk 0:03:08]} b5 {[%clk 0:03:09]} 7. Bb3
{[%clk 0:03:09]} d6 {[%clk 0:03:10]} 8. c3 {[%clk 0:03:10]} O-O {[%clk 0:03:11]}
9. h3 {[%clk 0:03:11]} Bb7 {[%clk 0:03:12]} 10. d4 {[%clk 0:03:11]} Re8
{[%clk 0:03:13]} 11. Nbd2 {[%clk 0:03:07]} Bf8 12. a4 {[%clk 0:02:54]} h6
{[%clk 0:03:02]} 13. Nf1 {[%clk 0:02:53]} exd4 {[%clk 0:02:57]} 14. cxd4
{[%clk 0:02:53]} Nxe4 {[%clk 0:02:32]} 15. Ne3 {[%clk 0:02:35]} Nf6
{[%clk 0:02:26]} 16. Bd2 {[%clk 0:02:24]} Ne7 {[%clk 0:02:13]} 17. Nh2
{[%clk 0:02:13]} Qd7 {[%clk 0:02:09]} 18. axb5 {[%clk 0:02:03]} axb5
{[%clk 0:02:10]} 19. Rxa8 {[%clk 0:02:03]} Bxa8 {[%clk 0:02:03]} 20. Nhg4
{[%clk 0:02:02]} Nxg4 {[%clk 0:02:04]} 21. Nxg4 {[%clk 0:02:02]} Nf5
{[%clk 0:02:00]} 22. Rxe8 {[%clk 0:01:52]} Qxe8 {[%clk 0:02:01]} 23. d5
{[%clk 0:01:28]} c5 {[%clk 0:01:47]} 24. Bc2 {[%clk 0:01:00]} Nd4
{[%clk 0:01:39]} 25. Bc3 {[%clk 0:00:46]} Ne2+ {[%clk 0:01:06]} 26. Kh1
{[%clk 0:00:44]} Nxc3 {[%clk 0:01:07]} 27. bxc3 {[%clk 0:00:45]} Qe7
{[%clk 0:00:56]} 28. Ne3 {[%clk 0:00:36]} g6 {[%clk 0:00:56]} 29. Qg4
{[%clk 0:00:33]} Bb7 {[%clk 0:00:50]} 30. Bxg6 {[%clk 0:00:16]} fxg6
{[%clk 0:00:47]} 31. Qxg6+ {[%clk 0:00:18]} Qg7 {[%clk 0:00:46]} 32. Qe6+
{[%clk 0:00:18]} Qf7 {[%clk 0:00:47]} 33. Qg4+ {[%clk 0:00:19]} Kh8
{[%clk 0:00:46]} 34. Qe4 {[%clk 0:00:11]} Bc8 {[%clk 0:00:45]} 35. f4
{[%clk 0:00:11]} Bg7 {[%clk 0:00:43]} 36. f5 {[%clk 0:00:09]} Bxc3
{[%clk 0:00:36]} 37. Ng4 {[%clk 0:00:09]} Bg7 {[%clk 0:00:36]} 38. f6
{[%clk 0:00:09]} Bf8 {[%clk 0:00:36]} 0-1

[Event "Blitz 2018"]
[Site "Saint-Petersburg"]
[Date "2018.12.30"]
[Round "15"]
[Board "36"]
[White "Van Foreest Jorden (NED)"]
[Black "Jumabayev Rinat (KAZ)"]
[Result "1-0"]
[LiveChessVersion "1.4.8"]
[BlackElo "2554"]
[WhiteElo "2657"]

1. c4 {[%clk 0:03:02]} e5 {[%clk 0:03:04]} 2. Nc3 {[%clk 0:03:02]} Nf6
{[%clk 0:03:05]} 3. Nf3 {[%clk 0:03:03]} Nc6 {[%clk 0:03:05]} 4. e3
{[%clk 0:03:00]} Bb4 {[%clk 0:03:04]} 5. Qc2 {[%clk 0:03:01]} Bxc3
{[%clk 0:03:04]} 6. bxc3 {[%clk 0:02:59]} O-O {[%clk 0:02:56]} 7. d3
{[%clk 0:02:57]} d6 {[%clk 0:02:53]} 8. g3 {[%clk 0:02:46]} Bg4 {[%clk 0:01:59]}
9. Bg2 {[%clk 0:02:47]} Qc8 {[%clk 0:02:01]} 10. h3 {[%clk 0:02:45]} Bd7
{[%clk 0:02:00]} 11. e4 {[%clk 0:02:38]} a6 {[%clk 0:01:57]} 12. a4
{[%clk 0:02:37]} h6 {[%clk 0:01:42]} 13. Nh4 {[%clk 0:02:37]} Nh7
{[%clk 0:01:30]} 14. Rb1 {[%clk 0:02:35]} Rb8 {[%clk 0:01:30]} 15. Be3
{[%clk 0:02:19]} Ne7 {[%clk 0:01:24]} 16. a5 {[%clk 0:02:00]} Kh8
{[%clk 0:01:21]} 17. Qe2 {[%clk 0:01:44]} Be6 {[%clk 0:01:00]} 18. f4
{[%clk 0:01:37]} exf4 {[%clk 0:01:01]} 19. gxf4 {[%clk 0:01:38]} f5
{[%clk 0:01:01]} 20. O-O {[%clk 0:01:04]} Kg8 {[%clk 0:00:52]} 21. Kh2
{[%clk 0:01:03]} Qd7 {[%clk 0:00:43]} 22. Rg1 {[%clk 0:01:04]} Rf7
{[%clk 0:00:41]} 23. Bd4 {[%clk 0:00:52]} c5 {[%clk 0:00:42]} 24. Be3
{[%clk 0:00:52]} Nf8 {[%clk 0:00:36]} 25. Rb2 {[%clk 0:00:44]} Kh7
{[%clk 0:00:22]} 26. d4 {[%clk 0:00:40]} cxd4 {[%clk 0:00:11]} 27. cxd4
{[%clk 0:00:41]} fxe4 {[%clk 0:00:12]} 28. Bxe4+ {[%clk 0:00:42]} Bf5
{[%clk 0:00:14]} 29. Nxf5 {[%clk 0:00:40]} Nxf5 {[%clk 0:00:15]} 30. Qg4
{[%clk 0:00:41]} Kh8 {[%clk 0:00:08]} 31. Bf2 {[%clk 0:00:42]} d5
{[%clk 0:00:04]} 32. Bxd5 {[%clk 0:00:42]} Re7 {[%clk 0:00:06]} 33. Rb6
{[%clk 0:00:40]} Rbe8 {[%clk 0:00:04]} 34. Rg2 {[%clk 0:00:41]} Nd6
{[%clk 0:00:05]} 35. c5 {[%clk 0:00:32]} Qxg4 {[%clk 0:00:05]} 36. hxg4
{[%clk 0:00:33]} Ne4 {[%clk 0:00:05]} 37. Rxb7 {[%clk 0:00:34]} Nxf2
{[%clk 0:00:04]} 38. Rxf2 {[%clk 0:00:34]} Ng6 {[%clk 0:00:05]} 39. Rxe7
{[%clk 0:00:34]} Rxe7 {[%clk 0:00:07]} 40. f5 {[%clk 0:00:32]} Nf8
{[%clk 0:00:08]} 41. c6 {[%clk 0:00:33]} Nh7 {[%clk 0:00:08]} 42. Bf3
{[%clk 0:00:33]} Nf6 {[%clk 0:00:09]} 43. Rc2 {[%clk 0:00:34]} Ne8
{[%clk 0:00:09]} 44. Kg3 {[%clk 0:00:33]} Kg8 {[%clk 0:00:10]} 45. Kf4
{[%clk 0:00:33]} Kf7 {[%clk 0:00:11]} 46. Bd5+ {[%clk 0:00:32]} Kf6
{[%clk 0:00:13]} 47. Be6 {[%clk 0:00:34]} Rc7 {[%clk 0:00:12]} 48. Ke4
{[%clk 0:00:31]} Ke7 {[%clk 0:00:13]} 49. Kd5 {[%clk 0:00:32]} Nf6+
{[%clk 0:00:13]} 50. Kc5 {[%clk 0:00:32]} Ne4+ {[%clk 0:00:14]} 51. Kb6
{[%clk 0:00:33]} Kd6 {[%clk 0:00:15]} 52. Rc5 {[%clk 0:00:34]} Nc3
{[%clk 0:00:14]} 53. Rxc3 {[%clk 0:00:35]} Kd5 1-0

[Event "Blitz 2018"]
[Site "Saint-Petersburg"]
[Date "2018.12.30"]
[Round "15"]
[Board "37"]
[White "Kazhgaleyev Murtas (KAZ)"]
[Black "Alekseev Evgeny (RUS)"]
[Result "1-0"]
[LiveChessVersion "1.4.8"]
[BlackElo "2634"]
[WhiteElo "2553"]

1. d4 {[%clk 0:03:02]} e6 {[%clk 0:03:04]} 2. c4 {[%clk 0:03:02]} b6
{[%clk 0:03:05]} 3. Nc3 {[%clk 0:02:58]} Bb4 {[%clk 0:03:05]} 4. e3
{[%clk 0:02:57]} Bb7 {[%clk 0:03:03]} 5. Nge2 {[%clk 0:02:57]} f5
{[%clk 0:02:59]} 6. a3 {[%clk 0:02:58]} Be7 {[%clk 0:02:58]} 7. d5
{[%clk 0:02:58]} Nf6 {[%clk 0:02:51]} 8. g3 {[%clk 0:02:51]} Na6 {[%clk 0:02:37]}
9. Bg2 {[%clk 0:02:51]} Nc5 {[%clk 0:02:34]} 10. O-O {[%clk 0:02:49]} O-O
{[%clk 0:02:23]} 11. b4 {[%clk 0:02:33]} Nce4 {[%clk 0:02:24]} 12. Bb2
{[%clk 0:02:34]} a5 {[%clk 0:02:17]} 13. Nxe4 {[%clk 0:02:26]} Nxe4
{[%clk 0:02:18]} 14. f3 {[%clk 0:01:54]} Nd6 {[%clk 0:01:57]} 15. Qb3
{[%clk 0:01:54]} b5 {[%clk 0:01:43]} 16. dxe6 {[%clk 0:01:49]} bxc4
{[%clk 0:01:34]} 17. Qc2 {[%clk 0:01:49]} dxe6 {[%clk 0:01:32]} 18. Nf4
{[%clk 0:01:43]} Qc8 {[%clk 0:01:23]} 19. e4 {[%clk 0:01:44]} Bg5
{[%clk 0:01:02]} 20. Nh5 {[%clk 0:01:37]} Bh6 {[%clk 0:00:28]} 21. e5
{[%clk 0:01:36]} Nf7 {[%clk 0:00:30]} 22. Qxc4 {[%clk 0:01:36]} Bd5
{[%clk 0:00:30]} 23. Qd4 {[%clk 0:01:32]} Rd8 {[%clk 0:00:27]} 24. Qf2
{[%clk 0:01:30]} Qb7 {[%clk 0:00:27]} 25. Bc3 {[%clk 0:01:27]} axb4
{[%clk 0:00:27]} 26. axb4 {[%clk 0:01:28]} Qc6 {[%clk 0:00:21]} 27. Bd4
{[%clk 0:01:28]} Qc4 {[%clk 0:00:20]} 28. Rac1 {[%clk 0:01:20]} Qxb4
{[%clk 0:00:20]} 29. Nf4 {[%clk 0:01:15]} Bxf4 {[%clk 0:00:13]} 30. gxf4
{[%clk 0:01:16]} Ra2 {[%clk 0:00:14]} 31. Qe3 {[%clk 0:01:16]} Rc8
{[%clk 0:00:12]} 32. Bc5 {[%clk 0:01:13]} Qa4 {[%clk 0:00:13]} 33. Kh1
{[%clk 0:01:12]} h6 {[%clk 0:00:12]} 34. Rg1 {[%clk 0:01:12]} Kh7
{[%clk 0:00:13]} 35. Bf1 {[%clk 0:01:12]} Rg8 {[%clk 0:00:11]} 36. Rg3
{[%clk 0:01:13]} Qa5 {[%clk 0:00:07]} 37. Bd3 {[%clk 0:01:12]} g6
{[%clk 0:00:07]} 38. h4 {[%clk 0:01:11]} h5 {[%clk 0:00:06]} 39. Bd4
{[%clk 0:01:10]} c6 {[%clk 0:00:07]} 40. Rb1 {[%clk 0:01:10]} Qd8
{[%clk 0:00:06]} 41. Rh3 {[%clk 0:01:11]} Qc7 {[%clk 0:00:06]} 42. Rh2
{[%clk 0:01:12]} Ra3 {[%clk 0:00:06]} 43. Rhb2 {[%clk 0:01:10]} Qe7 44. Rh2 Qc7
{[%clk 0:00:00]} 45. Rhb2 {[%clk 0:01:10]} 1-0

[Event "Blitz 2018"]
[Site "Saint-Petersburg"]
[Date "2018.12.30"]
[Round "15"]
[Board "38"]
[White "Anton Guijarro David (ESP)"]
[Black "Fridman Daniel (GER)"]
[Result "0-1"]
[LiveChessVersion "1.4.8"]
[BlackElo "2530"]
[WhiteElo "2631"]

1. e4 {[%clk 0:03:02]} e5 {[%clk 0:03:03]} 2. Nf3 {[%clk 0:03:03]} Nf6
{[%clk 0:03:05]} 3. d4 {[%clk 0:03:04]} Nxe4 {[%clk 0:03:05]} 4. dxe5
{[%clk 0:03:05]} d5 {[%clk 0:03:06]} 5. Nbd2 {[%clk 0:03:05]} Nxd2
{[%clk 0:03:04]} 6. Bxd2 {[%clk 0:03:05]} Be7 {[%clk 0:03:05]} 7. Bd3
{[%clk 0:03:06]} c5 {[%clk 0:03:06]} 8. c3 {[%clk 0:03:06]} Nc6 {[%clk 0:03:06]}
9. O-O {[%clk 0:03:06]} Be6 {[%clk 0:03:08]} 10. a3 {[%clk 0:02:53]} Qd7
{[%clk 0:03:07]} 11. b4 {[%clk 0:02:52]} Rd8 {[%clk 0:02:51]} 12. bxc5
{[%clk 0:02:51]} Bxc5 {[%clk 0:02:51]} 13. Bg5 {[%clk 0:02:45]} Rc8
{[%clk 0:02:46]} 14. Re1 {[%clk 0:02:45]} h6 {[%clk 0:02:47]} 15. Be3
{[%clk 0:02:45]} Bxe3 {[%clk 0:02:33]} 16. Rxe3 {[%clk 0:02:46]} O-O
{[%clk 0:02:29]} 17. Bc2 {[%clk 0:02:42]} Rfd8 {[%clk 0:02:07]} 18. Ba4
{[%clk 0:01:44]} a6 {[%clk 0:01:56]} 19. h3 {[%clk 0:01:25]} b5 {[%clk 0:01:57]}
20. Bc2 {[%clk 0:01:26]} d4 {[%clk 0:01:33]} 21. cxd4 {[%clk 0:01:27]} Nxd4
{[%clk 0:01:34]} 22. Nxd4 {[%clk 0:01:25]} Qxd4 {[%clk 0:01:35]} 23. Rd3
{[%clk 0:01:25]} Qb6 {[%clk 0:01:33]} 24. Bb3 {[%clk 0:00:58]} Rxd3
{[%clk 0:00:54]} 25. Qxd3 {[%clk 0:00:59]} Bxb3 {[%clk 0:00:53]} 26. Qxb3
{[%clk 0:01:00]} Qe6 {[%clk 0:00:51]} 27. Qe3 {[%clk 0:00:50]} Qd5
{[%clk 0:00:52]} 28. Re1 {[%clk 0:00:45]} Rc6 {[%clk 0:00:53]} 29. Kh2
{[%clk 0:00:35]} a5 {[%clk 0:00:49]} 30. Qa7 {[%clk 0:00:29]} Rc2
{[%clk 0:00:41]} 31. Kg1 {[%clk 0:00:22]} Qd2 {[%clk 0:00:38]} 32. Qa8+
{[%clk 0:00:19]} Kh7 {[%clk 0:00:39]} 33. Qe4+ {[%clk 0:00:20]} g6
{[%clk 0:00:40]} 34. Rf1 {[%clk 0:00:15]} Rc1 {[%clk 0:00:40]} 35. g3
{[%clk 0:00:05]} Rxf1+ {[%clk 0:00:33]} 36. Kxf1 {[%clk 0:00:07]} Qc1+
{[%clk 0:00:35]} 37. Kg2 {[%clk 0:00:07]} Qxa3 {[%clk 0:00:33]} 38. Qd5
{[%clk 0:00:05]} Kg7 {[%clk 0:00:29]} 39. Qxb5 {[%clk 0:00:05]} Qb4
{[%clk 0:00:30]} 40. Qd5 {[%clk 0:00:04]} Qb6 {[%clk 0:00:20]} 41. Qe4
{[%clk 0:00:03]} Qa6 {[%clk 0:00:18]} 42. Qa4 {[%clk 0:00:04]} Qb6
{[%clk 0:00:19]} 43. h4 {[%clk 0:00:05]} Qc5 {[%clk 0:00:20]} 44. Qe4
{[%clk 0:00:05]} Qb4 {[%clk 0:00:21]} 45. Qd5 {[%clk 0:00:06]} Qb6
{[%clk 0:00:22]} 46. Qe4 {[%clk 0:00:07]} Kf8 {[%clk 0:00:22]} 47. Qf4
{[%clk 0:00:08]} h5 {[%clk 0:00:22]} 48. Qe4 {[%clk 0:00:08]} Ke7
{[%clk 0:00:23]} 49. Kg1 {[%clk 0:00:08]} Qb4 {[%clk 0:00:19]} 50. Qc6
{[%clk 0:00:08]} Qe1+ {[%clk 0:00:16]} 51. Kg2 {[%clk 0:00:06]} Qxe5
{[%clk 0:00:17]} 52. Qb7+ {[%clk 0:00:07]} Kf8 {[%clk 0:00:19]} 53. Qa7
{[%clk 0:00:06]} Kg7 {[%clk 0:00:20]} 54. Kg1 {[%clk 0:00:07]} Qa1+
{[%clk 0:00:19]} 55. Kg2 a4 56. Qe3 {[%clk 0:00:04]} a3 {[%clk 0:00:21]} 57. g4
{[%clk 0:00:05]} hxg4 {[%clk 0:00:17]} 58. h5 {[%clk 0:00:07]} Qb2
{[%clk 0:00:15]} 59. hxg6 {[%clk 0:00:06]} a2 {[%clk 0:00:16]} 60. gxf7
{[%clk 0:00:05]} Qb7+ {[%clk 0:00:14]} 61. Kh2 {[%clk 0:00:04]} Qc7+
{[%clk 0:00:13]} 62. Kg2 {[%clk 0:00:05]} Qb7+ {[%clk 0:00:13]} 63. Kh2
{[%clk 0:00:06]} a1=Q {[%clk 0:00:15]} 64. Qg5+ {[%clk 0:00:04]} Kxf7
{[%clk 0:00:15]} 65. Qh5+ {[%clk 0:00:05]} Kg8 {[%clk 0:00:15]} 66. Qe8+
{[%clk 0:00:05]} Kg7 {[%clk 0:00:16]} 0-1

[Event "Blitz 2018"]
[Site "Saint-Petersburg"]
[Date "2018.12.30"]
[Round "15"]
[Board "39"]
[White "Hakobyan Aram (ARM)"]
[Black "Paravyan David (RUS)"]
[Result "1-0"]
[LiveChessVersion "1.4.8"]
[BlackElo "2629"]
[WhiteElo "2451"]

1. d4 {[%clk 0:03:02]} Nf6 {[%clk 0:03:04]} 2. c4 e6 3. Nf3 {[%clk 0:03:01]} d5
{[%clk 0:03:07]} 4. Nc3 c6 5. Bg5 {[%clk 0:03:02]} h6 {[%clk 0:03:09]} 6. Bxf6
{[%clk 0:03:03]} Qxf6 {[%clk 0:03:10]} 7. Qb3 {[%clk 0:03:04]} Nd7
{[%clk 0:03:11]} 8. e4 {[%clk 0:03:03]} e5 {[%clk 0:03:13]} 9. dxe5
{[%clk 0:02:12]} Nxe5 {[%clk 0:03:14]} 10. Nxe5 {[%clk 0:02:13]} Qxe5
{[%clk 0:03:14]} 11. cxd5 {[%clk 0:02:14]} Bc5 {[%clk 0:03:16]} 12. Be2
{[%clk 0:02:04]} O-O {[%clk 0:03:14]} 13. O-O {[%clk 0:02:02]} Rd8
{[%clk 0:02:36]} 14. Rad1 {[%clk 0:01:59]} cxd5 {[%clk 0:02:33]} 15. Rxd5
{[%clk 0:01:54]} Rxd5 {[%clk 0:02:34]} 16. Qxd5 {[%clk 0:01:54]} Qxd5
{[%clk 0:02:35]} 17. Nxd5 {[%clk 0:01:55]} Be6 {[%clk 0:02:28]} 18. Rc1
{[%clk 0:01:35]} Rc8 {[%clk 0:02:24]} 19. Kf1 {[%clk 0:01:32]} Kf8
{[%clk 0:02:12]} 20. b3 {[%clk 0:01:22]} g6 {[%clk 0:02:05]} 21. Nf4
{[%clk 0:01:22]} Bd7 {[%clk 0:02:01]} 22. Nd3 {[%clk 0:01:18]} Bd4
{[%clk 0:01:58]} 23. Rxc8+ {[%clk 0:01:17]} Bxc8 {[%clk 0:01:59]} 24. f4
{[%clk 0:01:02]} Ke7 {[%clk 0:01:58]} 25. Bf3 {[%clk 0:01:01]} b6
{[%clk 0:01:56]} 26. Nb4 {[%clk 0:01:00]} Bd7 {[%clk 0:01:42]} 27. Ke2
{[%clk 0:00:54]} Bb5+ {[%clk 0:00:58]} 28. Kd2 {[%clk 0:00:55]} Bc5
{[%clk 0:00:55]} 29. Nd5+ {[%clk 0:00:56]} Kd8 {[%clk 0:00:52]} 30. e5
{[%clk 0:00:53]} Bc6 {[%clk 0:00:37]} 31. Nf6 {[%clk 0:00:34]} Be8
{[%clk 0:00:32]} 32. Bd5 {[%clk 0:00:31]} h5 {[%clk 0:00:32]} 33. Ke2
{[%clk 0:00:26]} Ke7 {[%clk 0:00:32]} 34. Ne4 {[%clk 0:00:25]} Bb4
{[%clk 0:00:32]} 35. Kf3 {[%clk 0:00:23]} a5 {[%clk 0:00:32]} 36. g3
{[%clk 0:00:20]} a4 {[%clk 0:00:32]} 37. h3 {[%clk 0:00:20]} Bb5 {[%clk 0:00:23]}
38. bxa4 Bxa4 {[%clk 0:00:24]} 39. Nf2 {[%clk 0:00:09]} Bc5 {[%clk 0:00:14]} 40.
g4 {[%clk 0:00:09]} hxg4+ 41. hxg4 Bd7 {[%clk 0:00:08]} 42. Ne4 {[%clk 0:00:10]}
Bd4 {[%clk 0:00:09]} 43. g5 {[%clk 0:00:08]} Bf5 {[%clk 0:00:08]} 44. Nd6
{[%clk 0:00:08]} Be6 {[%clk 0:00:04]} 45. Ke4 {[%clk 0:00:10]} Bc5
{[%clk 0:00:05]} 46. Bxe6 {[%clk 0:00:10]} Kxe6 {[%clk 0:00:04]} 47. Nb5
{[%clk 0:00:11]} Bg1 {[%clk 0:00:04]} 48. Nc7+ {[%clk 0:00:12]} Kd7
{[%clk 0:00:05]} 49. Nd5 {[%clk 0:00:12]} b5 {[%clk 0:00:04]} 50. f5
{[%clk 0:00:11]} gxf5+ 51. Kxf5 {[%clk 0:00:12]} Bd4 {[%clk 0:00:05]} 52. Nf6+
{[%clk 0:00:10]} Ke7 {[%clk 0:00:06]} 53. Ne4 {[%clk 0:00:11]} Bb2
{[%clk 0:00:04]} 54. Nd6 {[%clk 0:00:11]} b4 {[%clk 0:00:05]} 55. Nc4
{[%clk 0:00:11]} Bc3 {[%clk 0:00:06]} 56. Na5 {[%clk 0:00:12]} Bd2
{[%clk 0:00:04]} 57. Nc6+ {[%clk 0:00:13]} Kd7 {[%clk 0:00:05]} 58. Nd4
{[%clk 0:00:15]} Ke7 {[%clk 0:00:07]} 59. Nf3 {[%clk 0:00:13]} Bc3
{[%clk 0:00:08]} 60. Nh4 {[%clk 0:00:10]} Be1 {[%clk 0:00:08]} 61. Ng2
{[%clk 0:00:11]} Bd2 {[%clk 0:00:09]} 62. Nf4 {[%clk 0:00:11]} Bc3
{[%clk 0:00:06]} 63. Nd5+ {[%clk 0:00:12]} Kd7 {[%clk 0:00:07]} 64. Kf6
{[%clk 0:00:10]} Ke8 {[%clk 0:00:07]} 65. Nf4 {[%clk 0:00:07]} Bd4
{[%clk 0:00:07]} 66. Nh5 {[%clk 0:00:08]} Bc5 {[%clk 0:00:07]} 67. Ng7+
{[%clk 0:00:08]} Kf8 {[%clk 0:00:08]} 68. Nf5 {[%clk 0:00:09]} Bb6
{[%clk 0:00:09]} 69. Nd6 {[%clk 0:00:07]} Bd8+ {[%clk 0:00:09]} 70. Kf5
{[%clk 0:00:08]} Ke7 {[%clk 0:00:09]} 71. Nc8+ {[%clk 0:00:09]} Kd7
{[%clk 0:00:09]} 72. Nd6 {[%clk 0:00:11]} Ke7 {[%clk 0:00:10]} 73. Nc4
{[%clk 0:00:11]} Bc7 {[%clk 0:00:10]} 74. Ne3 {[%clk 0:00:13]} Bd8
{[%clk 0:00:09]} 75. Nd5+ {[%clk 0:00:13]} Kd7 {[%clk 0:00:09]} 76. Nxb4
{[%clk 0:00:14]} Kc7 {[%clk 0:00:05]} 77. Nc2 {[%clk 0:00:11]} Kc6
{[%clk 0:00:06]} 78. Ne3 {[%clk 0:00:07]} Kc5 {[%clk 0:00:06]} 79. Ng4
{[%clk 0:00:09]} Kd4 {[%clk 0:00:06]} 80. Nh6 {[%clk 0:00:07]} Bxg5
{[%clk 0:00:05]} 81. Nxf7 {[%clk 0:00:05]} Be7 {[%clk 0:00:04]} 82. Ke6
{[%clk 0:00:06]} Ba3 {[%clk 0:00:04]} 83. Kd7 {[%clk 0:00:06]} Kc4
{[%clk 0:00:03]} 84. Nd6+ {[%clk 0:00:06]} Kd5 {[%clk 0:00:04]} 85. Nf7
{[%clk 0:00:05]} Kc4 {[%clk 0:00:03]} 86. e6 {[%clk 0:00:06]} Kd5
{[%clk 0:00:04]} 87. Nd8 {[%clk 0:00:05]} Kc4 {[%clk 0:00:03]} 88. Nc6
{[%clk 0:00:05]} Kc3 {[%clk 0:00:03]} 89. Na7 {[%clk 0:00:04]} Kc4
{[%clk 0:00:03]} 90. Nc8 {[%clk 0:00:05]} Kd5 {[%clk 0:00:04]} 91. Nb6+
{[%clk 0:00:07]} Kd4 {[%clk 0:00:04]} 92. e7 {[%clk 0:00:07]} Bxe7
{[%clk 0:00:05]} 93. Kxe7 {[%clk 0:00:08]} Kc3 {[%clk 0:00:03]} 94. Kd6
{[%clk 0:00:07]} Kb4 {[%clk 0:00:03]} 95. a4 {[%clk 0:00:08]} Ka5
{[%clk 0:00:04]} 96. Kc5 {[%clk 0:00:09]} Ka6 {[%clk 0:00:05]} 97. Nc4
{[%clk 0:00:10]} 1-0

[Event "Blitz 2018"]
[Site "Saint-Petersburg"]
[Date "2018.12.30"]
[Round "15"]
[Board "40"]
[White "Roiz Michael (ISR)"]
[Black "Kevlishvili Robby (NED)"]
[Result "1/2-1/2"]
[LiveChessVersion "1.4.8"]
[BlackElo "2530"]
[WhiteElo "2617"]

1. Nf3 {[%clk 0:03:02]} d5 {[%clk 0:03:03]} 2. e3 {[%clk 0:03:03]} Nf6
{[%clk 0:03:03]} 3. c4 {[%clk 0:03:04]} c6 {[%clk 0:03:03]} 4. Nc3
{[%clk 0:03:03]} e6 {[%clk 0:03:03]} 5. b3 {[%clk 0:03:04]} Nbd7 {[%clk 0:03:01]}
6. Bb2 {[%clk 0:03:05]} Be7 {[%clk 0:02:58]} 7. d4 {[%clk 0:03:01]} O-O
{[%clk 0:02:53]} 8. Bd3 {[%clk 0:03:02]} b6 {[%clk 0:02:53]} 9. O-O
{[%clk 0:03:02]} Bb7 {[%clk 0:02:54]} 10. Qe2 {[%clk 0:02:53]} c5
{[%clk 0:02:49]} 11. cxd5 {[%clk 0:02:53]} exd5 {[%clk 0:02:49]} 12. Rfd1
{[%clk 0:02:42]} Rc8 {[%clk 0:02:45]} 13. Rac1 {[%clk 0:02:41]} Qc7
{[%clk 0:02:45]} 14. Ba6 {[%clk 0:02:11]} Rfe8 {[%clk 0:02:35]} 15. Bxb7
{[%clk 0:02:06]} Qxb7 {[%clk 0:02:36]} 16. dxc5 {[%clk 0:02:05]} bxc5
{[%clk 0:02:33]} 17. Qb5 {[%clk 0:01:55]} Nb6 {[%clk 0:02:01]} 18. h3
{[%clk 0:01:39]} Red8 {[%clk 0:01:54]} 19. Qe2 {[%clk 0:01:26]} Nfd7
{[%clk 0:01:33]} 20. Qd2 {[%clk 0:01:09]} Nf6 {[%clk 0:01:26]} 21. Qe2
{[%clk 0:01:05]} Nfd7 {[%clk 0:01:27]} 22. Qd2 {[%clk 0:00:56]} Nf8
{[%clk 0:01:18]} 23. Ne2 {[%clk 0:00:55]} Ne6 {[%clk 0:01:17]} 24. Ng3
{[%clk 0:00:56]} Bf8 {[%clk 0:01:12]} 25. Qe2 {[%clk 0:00:56]} Re8
{[%clk 0:01:08]} 26. Qc2 {[%clk 0:00:53]} c4 {[%clk 0:01:06]} 27. Bd4
{[%clk 0:00:48]} Nxd4 {[%clk 0:00:56]} 28. Nxd4 {[%clk 0:00:49]} Nd7
{[%clk 0:00:58]} 29. bxc4 {[%clk 0:00:45]} dxc4 {[%clk 0:00:57]} 30. Rb1
{[%clk 0:00:47]} Qa6 {[%clk 0:00:49]} 31. Nb5 {[%clk 0:00:40]} Ne5
{[%clk 0:00:46]} 32. Ne2 {[%clk 0:00:25]} Nd3 {[%clk 0:00:44]} 33. Nbc3
{[%clk 0:00:23]} Qf6 {[%clk 0:00:36]} 34. Nc1 {[%clk 0:00:23]} Red8
{[%clk 0:00:26]} 35. Rf1 {[%clk 0:00:17]} Nb4 {[%clk 0:00:26]} 36. Qb2
{[%clk 0:00:18]} Nd3 {[%clk 0:00:26]} 37. Qc2 {[%clk 0:00:19]} Qe5
{[%clk 0:00:20]} 38. N1e2 {[%clk 0:00:20]} Bd6 {[%clk 0:00:19]} 39. g3
{[%clk 0:00:17]} Qe6 {[%clk 0:00:20]} 40. Kg2 {[%clk 0:00:17]} Be5
{[%clk 0:00:21]} 41. Nb5 {[%clk 0:00:11]} a6 {[%clk 0:00:18]} 42. Nbd4
{[%clk 0:00:13]} Qd5+ {[%clk 0:00:19]} 43. Kg1 {[%clk 0:00:14]} Bf6
{[%clk 0:00:17]} 44. Rbd1 {[%clk 0:00:14]} Qd7 {[%clk 0:00:15]} 45. Kg2
{[%clk 0:00:15]} Qb7+ {[%clk 0:00:16]} 46. Kg1 {[%clk 0:00:16]} Qe4
{[%clk 0:00:16]} 47. Qc3 {[%clk 0:00:14]} Ne5 {[%clk 0:00:15]} 48. Qc2
{[%clk 0:00:07]} Qb7 {[%clk 0:00:10]} 49. Qf5 {[%clk 0:00:06]} c3
{[%clk 0:00:08]} 50. Rb1 {[%clk 0:00:07]} Qd5 {[%clk 0:00:09]} 51. Rbc1
{[%clk 0:00:05]} Qxa2 {[%clk 0:00:05]} 52. Nxc3 {[%clk 0:00:05]} Qc4
{[%clk 0:00:04]} 53. Ne4 {[%clk 0:00:05]} Qxc1 {[%clk 0:00:04]} 54. Nxf6+
{[%clk 0:00:06]} gxf6 {[%clk 0:00:05]} 55. Rxc1 {[%clk 0:00:07]} Rxc1+
{[%clk 0:00:06]} 56. Kg2 {[%clk 0:00:09]} Rd6 {[%clk 0:00:04]} 57. Qe4
{[%clk 0:00:08]} Ng6 {[%clk 0:00:04]} 58. Qe8+ {[%clk 0:00:08]} Nf8
{[%clk 0:00:05]} 59. Nf5 {[%clk 0:00:09]} Rd7 {[%clk 0:00:06]} 60. Ne7+
{[%clk 0:00:08]} Kg7 {[%clk 0:00:07]} 61. Nf5+ {[%clk 0:00:09]} Kg8
{[%clk 0:00:09]} 62. g4 {[%clk 0:00:06]} Rc2 {[%clk 0:00:08]} 63. Nh6+
{[%clk 0:00:06]} Kg7 {[%clk 0:00:09]} 64. Nf5+ {[%clk 0:00:07]} Kg8
{[%clk 0:00:11]} 65. Qa8 {[%clk 0:00:08]} Rdd2 {[%clk 0:00:08]} 66. Ne7+
{[%clk 0:00:07]} Kg7 {[%clk 0:00:09]} 67. Nf5+ Kg8 68. Ne7+ {[%clk 0:00:04]} Kg7
{[%clk 0:00:12]} 69. Nf5+ {[%clk 0:00:05]} Kg8 {[%clk 0:00:14]} 70. Ne7+
{[%clk 0:00:05]} 1/2-1/2